GETS Theological Seminary Library

基督教與陝西 (Record no. 190)

MARC details
000 -LEADER
fixed length control field 00974nam a2200253Ia 4500
003 - CONTROL NUMBER IDENTIFIER
control field OSt
005 - DATE AND TIME OF LATEST TRANSACTION
control field 20241018151308.0
008 - FIXED-LENGTH DATA ELEMENTS--GENERAL INFORMATION
fixed length control field 200731s9999 xx 000 0 und d
020 ## - INTERNATIONAL STANDARD BOOK NUMBER
International Standard Book Number 7500462042
020 ## - INTERNATIONAL STANDARD BOOK NUMBER
International Standard Book Number 9787500462040
040 ## - CATALOGING SOURCE
Transcribing agency 0
041 ## - LANGUAGE CODE
Language code of text/sound track or separate title chi
050 ## - LIBRARY OF CONGRESS CALL NUMBER
Classification number BV3420.S6
Item number .W368 2007
100 ## - MAIN ENTRY--PERSONAL NAME
Personal name 王雪
245 ## - TITLE STATEMENT
Title 基督教與陝西
Remainder of title /
Statement of responsibility, etc. 王雪
246 ## - VARYING FORM OF TITLE
Title proper/short title 基督教与陕西
Remainder of title /
260 ## - PUBLICATION, DISTRIBUTION, ETC.
Place of publication, distribution, etc. 北京:
Name of publisher, distributor, etc. 中国社会科学出版社,
Date of publication, distribution, etc. 2007
300 ## - PHYSICAL DESCRIPTION
Extent 4, 4, 311 p. :
Other physical details ill. ;
Dimensions 21 cm.
505 ## - FORMATTED CONTENTS NOTE
Formatted contents note 《基督教与陕西》是“陕西省哲学社会科学规划项目”,重点研究基督教在陕西的发展沿革及对陕西地区教育、医药卫生与慈善福利事业以及社会风气等各方面的影响。《基督教与陕西》可供相关工作人员阅读或参考。
650 ## - SUBJECT ADDED ENTRY--TOPICAL TERM
Topical term or geographic name entry element Christianity China Shaanxi Sheng History.
650 ## - SUBJECT ADDED ENTRY--TOPICAL TERM
Topical term or geographic name entry element Church history.
650 ## - SUBJECT ADDED ENTRY--TOPICAL TERM
Topical term or geographic name entry element Missions China Shaanxi Sheng History.
942 ## - ADDED ENTRY ELEMENTS (KOHA)
Source of classification or shelving scheme
Koha item type Chinese Book
Holdings
Withdrawn status Lost status Damaged status Not for loan Home library Current library Shelving location Date acquired Total Checkouts Full call number Barcode Date last seen Price effective from Koha item type
        GETS Theological Seminary Library GETS Theological Seminary Library General Stacks 07/09/2020   BV3420.S6 .W368 2007 00000190 07/09/2020 07/09/2020 Chinese Book
OpacCredits

Contact the Librarian, GETS Library
Email: library@mygets.org









Implemented by GETS Library
(Powered by ETCA Professional Group)
GETS Theological Seminary
412 E. Rowland Street, CA 91723